Making Health Policy (Record no. 6367)

MARC details
000 -LEADER
fixed length control field 00570nam a22002057a 4500
003 - CONTROL NUMBER IDENTIFIER
control field OSt
005 - DATE AND TIME OF LATEST TRANSACTION
control field 20191106102428.0
008 - FIXED-LENGTH DATA ELEMENTS--GENERAL INFORMATION
fixed length control field 191106b ||||| |||| 00| 0 eng d
020 ## - INTERNATIONAL STANDARD BOOK NUMBER
International Standard Book Number 9780335246342
040 ## - CATALOGING SOURCE
Transcribing agency DNLM
082 ## - DEWEY DECIMAL CLASSIFICATION NUMBER
Classification number WC100 B96m 2012
100 ## - MAIN ENTRY--PERSONAL NAME
Personal name Buse, Kent; Mays, Nicholas; Walt, Gill
9 (RLIN) 13024
245 ## - TITLE STATEMENT
Title Making Health Policy
250 ## - EDITION STATEMENT
Edition statement 2nd ed.
260 ## - PUBLICATION, DISTRIBUTION, ETC. (IMPRINT)
Place of publication, distribution, etc. Open University Press;
Name of publisher, distributor, etc. McGraw-Hill,
Date of publication, distribution, etc. 2012
300 ## - PHYSICAL DESCRIPTION
Extent 222p;
Other physical details Ill:
Dimensions 24cm
504 ## - BIBLIOGRAPHY, ETC. NOTE
Bibliography, etc References, glossary, & index included
650 ## - SUBJECT ADDED ENTRY--TOPICAL TERM
Topical term or geographic name as entry element Healthy policy
9 (RLIN) 13025
942 ## - ADDED ENTRY ELEMENTS (KOHA)
Source of classification or shelving scheme Other/Generic Classification Scheme
Koha item type Open Shelf
Holdings
Withdrawn status Lost status Source of classification or shelving scheme Damaged status Not for loan Home library Current library Date acquired Source of acquisition Inventory number Total Checkouts Full call number Barcode Date last seen Koha item type
    Other/Generic Classification Scheme     MUST Main Library MUST Main Library 06/11/2019 Purchase 19/40977   WC100 B96m 2012 2019-0597 06/11/2019 Open Shelf
    Other/Generic Classification Scheme     MUST Main Library MUST Main Library 06/11/2019 Purchase 19/40978   WC100 B96m 2012 2019-0598 06/11/2019 Open Shelf
    Other/Generic Classification Scheme     MUST Main Library MUST Main Library 06/11/2019 Purchase 19/40979   WC100 B96m 2012 2019-0599 06/11/2019 Open Shelf